| 000 | 00797cab a2200193 4500 | ||
|---|---|---|---|
| 001 | ##L135322 | ||
| 008 | 060911n2006 000 0 eng u | ||
| 035 | _a(Sirsi) u135322 | ||
| 041 | 0 | _aeng | |
| 245 | 0 | 0 |
_aEG Finance _bJLL monthly prime yields |
| 260 | _c2006 | ||
| 490 | 0 |
_aEstates Gazette _v(0640)7 October 2006, 52(1) |
|
| 520 | _aThe JLL prime yield remained static for the third consecutive month, falling to 4.57% from 4.61%. The only sector to experience an inward shift was industrial. Retail prime yields remained unchanged at 4.37% and prime office yields were unchanged at 4.6%. Table and graphs. | ||
| 590 | _aIKA171006 | ||
| 650 | 2 | 4 | _aJLL MONTHLY PRIME YIELDS |
| 651 | 4 |
_aUnited Kingdom _y |
|
| 690 | _aPROPERTY-COMMERCIAL PROPERTY-COMMERCIAL PROPERTY MARKET | ||
| 942 | _n0 | ||
| 999 |
_c77866 _d77866 |
||